000 00633cam a2200205 a 4500
020 _a9781433812224
020 _a1433812223
050 0 0 _aRA 418
_b.H43
245 0 0 _aHealth and social relationships :
_bthe good, the bad, and the complicated /
_cedited by Matthew L. Newman and Nicole A. Roberts.
250 _a1st
260 _aWashington, DC :
_bAmerican Psychological Association,
_cc2013.
300 _a, 262 p. :
650 0 _xHealth aspects.
650 0 _xHealth aspects.
650 0 _xHealth aspects.
650 0 _xSocial aspects.
700 1 _aNewman, Matthew L.
700 1 _aRoberts, Nicole A.
942 _2lcc
_cGEN
999 _c7804
_d7804